| 000 | 00000nam 2200000za 4500 |
| 001 | 9.822495 |
| 003 | CaOODSP |
| 005 | 20221107143706 |
| 007 | cr ||||||||||| |
| 008 | 160812s2005 qucabo o f000 0 fre d |
| 020 | |z0-662-74350-4 |
| 040 | |aCaOODSP|bfre |
| 043 | |an-cn--- |
| 086 | 1 |aR64-316/2005F-PDF|zR64-316/2005F |
| 110 | 2 |aParcs Canada. |
| 245 | 10|aLieu historique national du Canada du Fort Walsh |h[ressource électronique] : |bplan directeur. |
| 246 | 16|iTitre courant : |aLHNC du Fort-Walsh plan directeur |
| 260 | |a[Gatineau, QC] : |bParcs Canada, |cc2005. |
| 300 | |avi, 36 p. : |bill., cartes |
| 500 | |aPubl. aussi en anglais sous le titre : Fort Walsh National Historic Site of Canada: management plan. |
| 500 | |a« Mai 2005. » |
| 530 | |aÉgalement publ. en version imprimée. |
| 692 | 07|2gccst|aLieu historique |
| 692 | 07|2gccst|aGestion |
| 692 | 07|2gccst|aPlanification |
| 775 | 08|tFort Walsh National Historic Site of Canada |w(CaOODSP)9.822492 |
| 776 | 0#|tLieu historique national du Canada du Fort-Walsh : |w(CaOODSP)9.682906 |
| 856 | 40|qPDF|s2.99 Mo|uhttps://publications.gc.ca/collections/collection_2016/pc/R64-316-2005-fra.pdf |